Statistics for Guess The Singer #1

Click here to take the quiz!

General Stats

  • This quiz has been taken 34 times
    (18 since last reset)
  • The average score is 9 of 20

Answer Stats

HintAnswer% Correct
Bad GuyBillie Eilish
82%
Shake It OffTaylor Swift
82%
Bohemian RhapsodyQueen
76%
As It WasHarry Styles
71%
BelieverImagine Dragons
71%
Beat ItMichael Jackson
71%
Smells Like Teen SpiritNirvana
65%
Dance MonkeyTones And I
65%
DespacitoLuis Fonsi
47%
STAYThe Kid LAROI
47%
Heat WavesGlass Animals
41%
Let Her GoPassenger
41%
Seven Nation ArmyWhite Stripes
35%
Rather BeClean Bandit
24%
I Ain't WorriedOneRepublic
24%
OneU2
24%
ToxicBoyWithUke
18%
BlueEiffel 65
18%
Still Into YouParamore
18%
Stand By MeOasis
0%

Score Distribution

Percentile by Number Answered

Percent of People with Each Score

Your Score History

You have not taken this quiz since the last reset